UBT Library

The Frontiersmen (Record no. 1028)

000 -LEADER
fixed length control field 00504nam a22001697a 4500
008 - FIXED-LENGTH DATA ELEMENTS--GENERAL INFORMATION
fixed length control field 150610b xxu||||| |||| 00| 0 eng d
041 0# - LANGUAGE CODE
Language code of text/sound track or separate title eng
080 ## - UNIVERSAL DECIMAL CLASSIFICATION NUMBER
Universal Decimal Classification number 355.425
245 00 - TITLE STATEMENT
Title The Frontiersmen
260 ## -
-- New York :
-- Stringer & Townsend,
-- c1854
300 ## -
-- 204 f.
-- me il. :
-- 29 cm.
505 ## -
-- Index: f.238-240
650 #0 -
-- The Frontiersmen
650 #0 -
-- Banoret e zonave kufitare
700 1# -
-- Hubbard, Harvey,
-- 1821-1862.
942 ## - ADDED ENTRY ELEMENTS (KOHA)
Source of classification or shelving scheme
Item type Books
Holdings
Withdrawn status Lost status Source of classification or shelving scheme Damaged status Not for loan Collection code Permanent location Current location Shelving location Date acquired Total Checkouts Full call number Date last seen Price effective from Koha item type
          Koleksioni i përgjithshem UBT - Lipjan UBT - Lipjan Koleksioni i përgjithshem 06/10/2015   355.425 FRO 06/10/2015 06/10/2015 Books
UBT Library © 2015-2024. All rights reserved University Education for Business and Technology